[Event "22nd Hogeschool Zeeland 2018"]
[Site "Vlissingen"]
[Date "2018.08.09"]
[Round "7"]
[White "Hesse, Henrik"]
[Black "Maatman, Nick"]
[Result "0-1"]
[WhiteElo "2137"]
[BlackElo "2345"]
[Annotator "NA"]
[PlyCount "60"]
[EventDate "2018.08.04"]
[EventType "swiss"]
[EventCountry "NED"]
[SourceTitle "playchess.com"]
[Source "ChessBase"]
[SourceQuality "1"]
[TimeControl "40/5400+30:1800+30"]

1. c4 {[%emt 0:00:00]} g6 {[%emt 0:00:00]} 2. g3 {[%emt 0:00:23]} Bg7 {[%emt 0:00:00]} 3. Bg2 {[%emt 0:00:17]} f5 {[%emt 0:03:11]} 4. e4 {[%emt 0:20:39]} fxe4 {[%emt 0:03:30]} 5. h4 {[%emt 0:01:33]} Nf6 {[%emt 0:03:03]} 6. Nc3 {[%emt 0:13:25]} d5 {[%emt 0:07:56]} 7. cxd5 {[%emt 0:09:13]} Bf5 {[%emt 0:02:34]} 8. Qb3 {[%emt 0:15:45]} Nbd7 {[%emt 0:01:08]} 9. Nh3 {[%emt 0:05:52]} Ne5 {[%emt 0:10:04]} 10. O-O {[%emt 0:00:35]} Nf3+ {[%emt 0:01:04]} 11. Bxf3 {[%emt 0:10:37]} exf3 {[%emt 0:00:03]} 12. Ng5 {[%emt 0:00:07]} O-O {[%emt 0:04:47]} 13. Nxf3 {[%emt 0:02:56]} Ng4 {[%emt 0:05:14]} 14. Nb5 {[%emt 0:03:17]} Be4 {[%emt 0:16:52]} 15. d6+ {[%emt 0:01:40]} Kh8 {[%emt 0:01:15]} 16. Ng5 {[%emt 0:00:18]} Bc6 {[%emt 0:00:54]} 17. Ne6 {[%emt 0:05:01]} Qd7 {[%emt 0:02:00]} 18. Nbxc7 {[%emt 0:02:14]} Rf3 {[%emt 0:19:34]} 19. d3 {[%emt 0:03:07]} Ne5 {[%emt 0:02:55]} 20. Bf4 {[%emt 0:00:57]} Rxf4 {[%emt 0:00:57]} 21. Nxf4 {[%emt 0:01:43]} Nf3+ {[%emt 0:00:07]} 22. Kg2 {[%emt 0:00:05]} Nxh4+ {[%emt 0:01:33]} 23. Kh2 {[%emt 0:00:03]} Nf3+ {[%emt 0:00:06]} 24. Kg2 {[%emt 0:00:03]} Nd2+ {[%emt 0:02:06]} 25. f3 {[%emt 0:00:04]} Nxb3 {[%emt 0:00:04]} 26. axb3 {[%emt 0:00:59]} Rc8 {[%emt 0:01:02]} 27. Rxa7 {[%emt 0:00:42]} Qxd6 {[%emt 0:01:21]} 28. Nce6 {[%emt 0:00:41]} g5 {[%emt 0:03:24]} 29. Nxg5 {[%emt 0:00:24]} Qc5 {[%emt 0:00:06]} 30. Nf7+ {[%emt 0:01:34]} Kg8 {[%emt 0:00:02]} 0-1

[Event "22nd Hogeschool Zeeland 2018"]
[Site "Vlissingen"]
[Date "2018.08.09"]
[Round "7"]
[White "Gutkind, Kedem"]
[Black "Haast, Mark"]
[Result "0-1"]
[WhiteElo "2099"]
[BlackElo "2350"]
[Annotator "TA"]
[PlyCount "124"]
[EventDate "2018.08.04"]
[EventType "swiss"]
[EventCountry "NED"]
[SourceTitle "playchess.com"]
[Source "ChessBase"]
[SourceQuality "1"]

{[%evp 19,124,10,23,0,4,0,0,0,52,0,0,-52,-42,-40,-41,-26,72,69,65,72,97,105,105,97,97,9,39,52,107,31,140,43,60,51,145,146,146,70,110,0,0,0,0,0,0,0,0,-31,0,0,0,0,0,0,0,0,0,-93,-80,-129,-70,-68,-62,-70,-56,-80,-89,-79,-86,-111,-105,-110,8,8,8,8,8,8,8,0,0,0,0,0,0,0,8,6,77,0,0,0,0,-12,-8,-729,-694,-1327,-1235,-5061,-5061,-5061,-1547,-2772,-2533,-2151,-1690]} 1. e4 c5 2. Nf3 d6 3. d4 cxd4 4. Nxd4 Nf6 5. Nc3 Nc6 6. Bg5 e6 7. Qd2 a6 8. O-O-O Bd7 9. f3 Be7 10. Nxc6 {B67: Sicilian: Richter-Rauzer: 7...a6 8 0-0-0 Bd7, lines without 9 f4 Be7} (10. h4 h6 11. Be3 h5 12. Kb1 Qc7 13. Bg5 Ne5 14. Bd3 b5 15. Rhe1 b4 16. Nce2 a5 17. f4 Neg4 18. Ng1 {½-½ (91) Short,N (2678)-Li,C (2732) Riadh 2017}) 10... Bxc6 {LiveBook: 3 Games} 11. Be3 $146 ({Predecessor:} 11. Qe3 Ng4 12. Bxe7 Nxe3 13. Bxd8 Nxd1 14. Bb6 Nxc3 15. bxc3 Ke7 16. h4 Rhc8 17. h5 h6 {0-1 (42) Pabalan,R (2098)-Bellin,R (2343) Caleta 2018}) 11... Qc7 12. g4 {The position is equal.} h6 13. Bg2 b5 (13... O-O-O $11) 14. Kb1 ({White should play} 14. h4 $14) 14... Nd7 $11 15. Qd4 (15. Ne2 $1 $11) 15... a5 16. h4 (16. Qxg7 $2 Bf6 $19) 16... b4 17. Ne2 $1 {[%cal Bc3e2,Be2g3,Bg3f5][%mdl 32]} (17. Qxg7 $2 Bf6 $19) 17... e5 (17... Bb5 $11 18. Qd2 Ne5) 18. Qd2 $16 Nb6 $1 19. b3 O-O-O 20. c4 Nd7 21. Ng3 $1 Nc5 22. Qf2 (22. Nf5 $16) 22... Kb7 23. Nf5 Ne6 (23... g6 $14) 24. Rd2 (24. a3 $16) 24... h5 (24... Bf8 $14) 25. gxh5 (25. Nxe7 $16 Qxe7 26. g5) 25... Rxh5 $14 26. Rhd1 g6 ({Better is} 26... Bf8 $14) 27. Nxe7 $16 Qxe7 28. c5 (28. Bb6 $16) 28... Qxh4 29. Qe2 ({But not} 29. Rxd6 $2 Qxf2 30. Bxf2 Rxd6 $19) ({Only move:} 29. Qf1 $1 $16) 29... Nd4 $1 $11 {[%cal Rd4e2]} 30. Bxd4 exd4 31. Bf1 {aiming for Qa6+.} dxc5 32. Qa6+ Kc7 33. Qxa5+ Kb8 34. Qb6+ Bb7 35. Ba6 {[%csl Ga6][%cal Rb6b7]} Rd7 {[%cal Bd8d7,Bd7b7,Bb7b6][%mdl 32]} 36. Bxb7 Rxb7 37. Qd6+ Ka7 38. Rc1 (38. a3 $1 $11 {keeps the balance.} bxa3 39. Ra2 Rxb3+ 40. Ka1) 38... Qe7 $1 $36 {[%cal Re7d6][%mdl 2048] Black has strong initiative.} 39. Qc6 Rb6 (39... Rc7 $1 $17 {[%cal Rc7c6]} 40. Qb5 Qd7 41. Qa5+ Kb7) 40. Qa4+ $15 Kb7 41. Rdc2 Qc7 42. Qa5 {[%cal Rc2c5]} Rc6 $1 43. Qb5+ {[#]} Qb6 $1 {[%cal Rb6b5]} 44. Qd3 Qa6 45. Qd1 Kb6 {[#]} (45... Rc8 $17 46. f4 Qd6) 46. Qxd4 $1 $11 {[%mdl 512]} cxd4 47. Rxc6+ Kb5 48. Rxa6 Kxa6 {[%mdl 4096] Endgame KR-KR} 49. Rc6+ Kb5 50. Rf6 d3 51. Kc1 Kc5 {White must now prevent ...Kd4.} 52. Kd2 ({Much weaker is} 52. Rxf7 Kd4 $17) 52... Kd4 {...Rh2+ is the strong threat.} 53. Rd6+ Ke5 (53... Kc5 $11 {remains equal.} 54. Rd8 (54. Rxd3 Rh2+ 55. Ke3 Rxa2 $11) 54... Rh2+ 55. Kxd3 Rxa2) 54. Rxd3 (54. Rb6 $16) 54... Kf4 55. Rd7 Kxf3 56. Kd3 f5 {[%cal Bf7f5,Bf5f4][%mdl 32]} 57. Rf7 $2 {[%mdl 8192]} (57. exf5 $11 Rxf5 58. Rh7) 57... f4 $19 {Black is clearly winning.} 58. Rg7 {[#]} g5 $1 {[%cal Bg6g5,Bg5g4,Bg4g3][%mdl 32]} 59. e5 g4 60. Kd4 Rh1 (60... g3 $142 61. e6 Rh1) 61. Kc4 Re1 62. Kxb4 g3 {Precision: White = 35%, Black = 55%.} 0-1

[Event "22nd Hogeschool Zeeland 2018"]
[Site "Vlissingen"]
[Date "2018.08.09"]
[Round "7"]
[White "Gorny, Michael"]
[Black "Ree, Hans"]
[Result "0-1"]
[WhiteElo "2062"]
[BlackElo "2303"]
[Annotator "NA"]
[PlyCount "84"]
[EventDate "2018.08.04"]
[EventType "swiss"]
[EventCountry "NED"]
[SourceTitle "playchess.com"]
[Source "ChessBase"]
[SourceQuality "1"]
[TimeControl "40/5400+30:1800+30"]

1. d4 {[%emt 0:00:00]} d6 {[%emt 0:00:00]} 2. Nf3 {[%emt 0:00:00]} Nf6 {[%emt 0:00:01]} 3. c4 {[%emt 0:00:08]} Nbd7 {[%emt 0:00:22]} 4. Nc3 {[%emt 0:00:36]} e5 {[%emt 0:00:05]} 5. e4 {[%emt 0:00:48]} Be7 {[%emt 0:00:07]} 6. Be2 {[%emt 0:01:59]} O-O {[%emt 0:00:11]} 7. O-O {[%emt 0:01:05]} c6 {[%emt 0:00:11]} 8. Qc2 {[%emt 0:01:52]} a6 {[%emt 0:00:46]} 9. Rd1 {[%emt 0:04:27]} Qc7 {[%emt 0:00:23]} 10. h3 {[%emt 0:02:19]} b5 {[%emt 0:01:03]} 11. b3 {[%emt 0:08:11]} b4 {[%emt 0:03:41]} 12. Na4 {[%emt 0:01:47]} c5 {[%emt 0:00:39]} 13. dxc5 {[%emt 0:05:27]} dxc5 {[%emt 0:02:16]} 14. Be3 {[%emt 0:13:08]} Re8 {[%emt 0:02:27]} 15. Nd2 {[%emt 0:02:31]} Nf8 {[%emt 0:00:54]} 16. Qb2 {[%emt 0:05:46]} Bd6 {[%emt 0:04:19]} 17. Bf3 {[%emt 0:00:50]} Ne6 {[%emt 0:00:22]} 18. Bg4 {[%emt 0:00:15]} Nxg4 {[%emt 0:00:43]} 19. hxg4 {[%emt 0:00:07]} Nd4 {[%emt 0:00:15]} 20. f3 {[%emt 0:00:33]} Bd7 {[%emt 0:00:44]} 21. Kf2 {[%emt 0:03:32]} Bxa4 {[%emt 0:02:17]} 22. bxa4 {[%emt 0:00:07]} Qa5 {[%emt 0:00:33]} 23. Rh1 {[%emt 0:00:38]} f6 {[%emt 0:00:38]} 24. g5 {[%emt 0:01:30]} fxg5 {[%emt 0:00:27]} 25. Bxg5 {[%emt 0:00:36]} Qxa4 {[%emt 0:00:32]} 26. Rac1 {[%emt 0:01:29]} Qd7 {[%emt 0:03:29]} 27. Nf1 {[%emt 0:00:13]} Be7 {[%emt 0:01:55]} 28. Be3 {[%emt 0:01:18]} Qd8 {[%emt 0:01:56]} 29. Qd2 {[%emt 0:00:24]} Bh4+ {[%emt 0:01:40]} 30. g3 {[%emt 0:03:18]} Be7 {[%emt 0:03:15]} 31. Kg2 {[%emt 0:00:55]} Ra7 {[%emt 0:00:35]} 32. Rh5 {[%emt 0:00:32]} Rd7 {[%emt 0:00:51]} 33. Qf2 {[%emt 0:06:36]} Bf6 {[%emt 0:00:52]} 34. Nd2 {[%emt 0:02:25]} g6 {[%emt 0:00:26]} 35. Rh3 {[%emt 0:01:57]} Rf8 {[%emt 0:01:27]} 36. Bh6 {[%emt 0:06:28]} Rff7 {[%emt 0:02:38]} 37. Rf1 {[%emt 0:03:11]} Bg5 {[%emt 0:03:34]} 38. f4 {[%emt 0:04:22]} Bxh6 {[%emt 0:01:00]} 39. Rxh6 {[%emt 0:00:12]} exf4 {[%emt 0:00:11]} 40. gxf4 {[%emt 0:00:22]} Ne6 {[%emt 0:00:13]} 41. Nf3 {[%emt 0:31:30]} Rxf4 {[%emt 0:32:02]} 42. Qg3 {[%emt 0:00:41]} Rdf7 {[%emt 0:02:26]} 0-1

[Event "22nd Hogeschool Zeeland 2018"]
[Site "Vlissingen"]
[Date "2018.08.10"]
[Round "8"]
[White "Mareco, Sandro"]
[Black "Iturrizaga Bonelli, Eduardo"]
[Result "1/2-1/2"]
[WhiteElo "2643"]
[BlackElo "2640"]
[Annotator "TA"]
[PlyCount "52"]
[EventDate "2018.08.04"]
[EventType "swiss"]
[EventCountry "NED"]
[SourceTitle "playchess.com"]
[Source "ChessBase"]
[SourceQuality "1"]

{[%evp 23,52,20,42,40,63,69,90,83,83,84,107,95,90,81,90,79,79,74,108,92,108,100,106,91,89,90,107,91,93,0,80]} 1. Nf3 Nf6 2. c4 b6 3. g3 Bb7 4. Bg2 e6 5. O-O Be7 6. b3 O-O 7. Bb2 c5 8. Nc3 a6 9. e3 d6 10. d4 Nbd7 11. d5 exd5 {A30: Symmetrical English: Double Fianchetto and Hedgehog} 12. Nh4 Rb8 {LiveBook: 4 Games} 13. Nf5 b5 {White is slightly better.} 14. Nxd5 $146 ({Predecessor:} 14. Bxd5 Bxd5 15. Nxd5 Nxd5 16. Qxd5 Bf6 17. Bxf6 Qxf6 18. Nxd6 h5 19. Rad1 Ne5 20. Ne4 Qe7 21. cxb5 axb5 22. Kg2 c4 {½-½ (22) Contin,D (2327)-Rombaldoni,A (2505) Boscotrecase 2014}) 14... Bxd5 15. cxd5 Re8 16. Nxe7+ Qxe7 17. e4 c4 ({Don't blunder} 17... Nxe4 $2 18. Re1 $18) 18. Bd4 Ne5 19. bxc4 Nxc4 20. Re1 Rbc8 21. Rc1 Qd8 22. a4 Nd7 23. axb5 axb5 24. Bh3 Rc7 25. Rb1 Na3 26. Rc1 {[#] aiming for Qb3.} Nc4 $1 {Precision: White = 81%, Black = 79%.} 1/2-1/2

[Event "22nd Hogeschool Zeeland 2018"]
[Site "Vlissingen"]
[Date "2018.08.10"]
[Round "8"]
[White "Van Foreest, Jorden"]
[Black "Frayna, Janelle Mae"]
[Result "1-0"]
[WhiteElo "2636"]
[BlackElo "2278"]
[Annotator "TA"]
[PlyCount "75"]
[EventDate "2018.08.04"]
[EventType "swiss"]
[EventCountry "NED"]
[SourceTitle "playchess.com"]
[Source "ChessBase"]
[SourceQuality "1"]

{[%evp 14,75,10,0,54,43,63,45,27,45,22,18,24,9,35,8,8,8,5,6,9,9,6,14,0,4,12,0,3,0,0,0,0,0,10,0,7,0,8,0,10,3,7,6,3,0,5,0,30,37,44,29,95,95,178,181,729,724,716,706,696,418,694,625]} 1. e4 e6 2. d4 d5 3. Nc3 Bb4 4. Bd3 dxe4 5. Bxe4 Nf6 6. Bf3 O-O 7. Nge2 c5 8. a3 {LiveBook: 3 Games. C15: French: 3 Nc3 Bb4: Unusual White 4th moves} cxd4 (8... Bxc3+ $11 9. bxc3 e5) 9. axb4 $14 ({Reject} 9. Qxd4 Qxd4 10. Nxd4 Bxc3+ 11. bxc3 e5 $15) 9... dxc3 10. Qxd8 {White is slightly better.} Rxd8 11. Nxc3 Nc6 12. Bxc6 bxc6 13. Bg5 $146 ({Predecessor:} 13. Be3 a6 14. Na4 Nd5 15. Bd2 Rb8 {½-½ (46) Ivanov,A (2402)-Petr,M (2478) Pardubice 2009}) 13... e5 14. Ne4 {Threatening 0-0.} Bf5 $1 {[%cal Rf5e4]} 15. Nxf6+ gxf6 16. Bxf6 Rd6 $1 {[%cal Rd6f6]} 17. Be7 ({But not} 17. Bxe5 Re8 $17) 17... Rd7 18. Bg5 Bxc2 19. O-O Kg7 20. Rfc1 Be4 21. Re1 Bd3 22. Bd2 f6 23. Bc3 Kf7 24. f3 Rg8 25. Kf2 h5 26. Re3 Rgd8 27. f4 exf4 28. Rf3 f5 29. Rxf4 Be4 30. Ra5 Rb8 31. Rh4 Kg6 32. Re5 Rh7 {[#]} (32... Rg8 $11) 33. Rf4 $1 $16 Bd5 (33... Bb1 $16 {was worth a try.}) 34. Rexf5 $18 {Rf6+ would kill now.} Re7 $2 (34... Rf7 35. Rxf7 Bxf7 36. Rf6+ Kg7 37. Rxc6+ Kf8) 35. Rf6+ Kh7 36. R4f5 Rg7 37. Rxh5+ Kg8 38. Rf4 {Precision: White = 68%, Black = 35%.} 1-0

[Event "22nd Hogeschool Zeeland 2018"]
[Site "Vlissingen"]
[Date "2018.08.10"]
[Round "8"]
[White "Zeng, Chongsheng"]
[Black "Gonzales, Jayson"]
[Result "1-0"]
[WhiteElo "2539"]
[BlackElo "2383"]
[Annotator "TA"]
[PlyCount "93"]
[EventDate "2018.08.04"]
[EventType "swiss"]
[EventCountry "NED"]
[SourceTitle "playchess.com"]
[Source "ChessBase"]
[SourceQuality "1"]

{[%evp 17,93,126,133,114,116,127,140,114,174,166,166,175,181,129,154,159,155,127,144,127,130,146,154,154,148,148,144,159,155,149,190,165,164,168,168,172,230,225,215,220,281,282,285,278,353,352,342,326,343,346,431,279,314,268,342,222,400,391,395,381,414,402,396,385,543,439,483,483,441,358,687,684,564,436,3079,2650,1824,1701]} 1. d4 d6 2. e4 e5 3. Nf3 Nd7 4. dxe5 dxe5 5. Bc4 c6 6. O-O Be7 7. Ng5 Bxg5 8. Qh5 Qf6 {C41: Philidor Defence} 9. Bxg5 Qg6 {LiveBook: 8 Games} 10. Qh4 Ngf6 {White is better.} 11. f3 $1 Nb6 $146 ({Predecessor:} 11... O-O 12. Be3 Nb6 13. Bb3 Re8 14. Nd2 Be6 15. Bxe6 Rxe6 16. a4 {1-0 (71) Granda Zuniga,J (2630)-Rogers,I (2570) New York 1998}) 12. Bb3 Be6 {[#]} (12... h6 $16 13. Be3 O-O) 13. Bxe6 $1 $18 fxe6 14. a4 O-O 15. a5 ({White should try} 15. Nd2 $18) 15... Nbd7 16. Na3 b5 17. axb6 axb6 18. Nc4 b5 19. Nd6 Nh5 20. Be7 Nf4 {[%csl Gf4][%cal Rg6g2] [#]} 21. g3 $1 Rfb8 22. Kf2 Nh5 23. Rfd1 Nf8 24. Rxa8 Rxa8 25. Nb7 Nf6 26. Nd8 N6d7 (26... h6 $142 27. Bxf6 (27. Nxc6 Qe8 $15) 27... Qxf6) 27. Bxf8 Nxf8 28. Nxc6 {Threatens to win with Ne7+.} Qe8 29. Rd6 ({But not} 29. Nxe5 $6 Qc8 $18) 29... h6 30. Nxe5 Qc8 {Hoping for ...Qc5+.} 31. Rc6 Qb7 {Black hopes to continue with ...Rc8.} 32. Qf4 Rd8 33. Qe3 Kh7 34. Rc3 Rd1 35. Nd3 Qa8 36. Ra3 Qc8 $2 (36... Qc6 {was called for.} 37. Rc3 Qa6) 37. Qe2 Rb1 38. Kg2 e5 39. Rc3 Qa8 40. Nxe5 Qa1 (40... Rxb2 {keeps fighting.} 41. Nd3 Rb1) 41. Nd3 Rg1+ 42. Kh3 Ne6 43. Ra3 Qb1 $2 (43... Qd1 44. Qxd1 Rxd1) 44. Ra6 {White is clearly winning.} Nd4 45. Qf2 Nxc2 (45... Qf1+ $142 46. Qxf1 Rxf1) 46. Qb6 {Threatening mate with Qg6+.} Qf1+ 47. Kg4 {Precision: White = 72%, Black = 31%.} 1-0

[Event "22nd Hogeschool Zeeland 2018"]
[Site "Vlissingen"]
[Date "2018.08.10"]
[Round "8"]
[White "Pruijssers, Roeland"]
[Black "Ikonnikov, Vyacheslav"]
[Result "1/2-1/2"]
[WhiteElo "2506"]
[BlackElo "2546"]
[Annotator "TA"]
[PlyCount "29"]
[EventDate "2018.08.04"]
[EventType "swiss"]
[EventCountry "NED"]
[SourceTitle "playchess.com"]
[Source "ChessBase"]
[SourceQuality "1"]

{[%evp 19,29,-15,-16,-32,-22,-38,0,-30,-20,-27,-27,-36]} 1. e4 g6 2. d4 Bg7 3. Nc3 d6 4. f4 Nf6 5. Nf3 O-O 6. e5 dxe5 7. fxe5 Nd5 8. Bc4 Nxc3 9. bxc3 c5 10. O-O {B09: Pirc Defence: Austrian Attack} Bg4 $1 {LiveBook: 15 Games} 11. Ba3 $146 ({Predecessor:} 11. Qd3 Nc6 12. Ng5 e6 13. Qg3 Bf5 14. Rxf5 exf5 15. e6 Bxd4+ 16. Kf1 Be5 17. Bf4 Bxf4 18. exf7+ {0-1 (47) Ter Sahakyan,S (2553)-Onischuk,V (2632) Batumi 2018}) 11... Nc6 {next ...cxd4 is good for Black.} 12. Bxc5 Qa5 13. Bd5 {Bxc6 is the strong threat.} Nxe5 $1 14. Bxb7 Rab8 $1 {[%cal Rb8b7]} 15. Bb4 1/2-1/2

[Event "22nd Hogeschool Zeeland 2018"]
[Site "Vlissingen"]
[Date "2018.08.10"]
[Round "8"]
[White "Admiraal, Miguoel"]
[Black "Stange, Sven"]
[Result "1/2-1/2"]
[WhiteElo "2479"]
[BlackElo "2161"]
[Annotator "TA"]
[PlyCount "60"]
[EventDate "2018.08.04"]
[EventType "swiss"]
[EventCountry "NED"]
[SourceTitle "playchess.com"]
[Source "ChessBase"]
[SourceQuality "1"]

{[%evp 10,60,0,-4,0,0,12,16,32,30,60,41,40,51,34,37,60,41,87,31,31,35,52,39,45,39,53,48,89,79,83,0,-25,-303,-267,-289,-275,-259,-141,-133,-131,-144,-141,-140,-148,-137,-99,-89,0,-24,0,-130,0]} 1. Nc3 Nf6 2. d4 d5 3. Bg5 Nbd7 4. Nf3 c6 5. e3 h6 (5... g6 6. Bd3 Bg7 7. O-O O-O 8. Re1 Re8 9. e4 dxe4 10. Nxe4 Nxe4 11. Bxe4 Nf6 12. Bd3 Bg4 13. c3 Qd5 14. Bxf6 Bxf3 15. Qxf3 Qxf3 16. gxf3 Bxf6 17. a4 a5 18. f4 {½-½ (30) Mamedyarov,S (2726)-Svidler,P (2749) Astana 2012}) 6. Bh4 {LiveBook: 13 Games. D01: Veresov Opening} Qb6 7. a3 e6 8. Bd3 {The position is equal.} Bd6 9. O-O e5 $146 ({Predecessor:} 9... O-O 10. Qe2 Re8 11. e4 e5 12. dxe5 Nxe5 13. Bxf6 gxf6 14. Nxe5 Bxe5 {½-½ (48) Walowy,B (2168)-Olsar,Z (2054) Orlova 2008}) 10. dxe5 Nxe5 11. Bxf6 gxf6 12. Nd4 Nxd3 13. Qxd3 Qc7 14. f4 ({White should play} 14. Kh1 $16) 14... Bd7 $14 15. b4 {[%cal Bb2b4,Bb4b5][%mdl 32]} O-O-O 16. b5 Kb8 17. Rfb1 Ka8 18. a4 {[%cal Ba3a4,Ba4a5][%mdl 32]} Qc8 {next ...c5 is good for Black.} 19. a5 c5 20. Nxd5 (20. a6 $1 $16 {Black must now prevent b6.} cxd4 21. Nxd5) 20... cxd4 $11 21. Nb6+ $2 {[%mdl 8192]} (21. a6 $1 $11 {and White stays safe.} b6 22. Qe4) 21... axb6 $19 22. axb6+ Kb8 23. exd4 Bf5 (23... Rdg8 $1 $19 24. Ra7 Qd8) 24. Ra7 $17 {White wants to mate with Rba1!} Qxc2 ({And not} 24... Bxd3 25. Rba1 Ba3 26. R7xa3 Bxc2 27. Ra8#) 25. Qxc2 Bxc2 26. Rba1 {[%csl Ga1][%cal Ra7a8]} Kc8 27. Rc1 Bxf4 28. Rxc2+ {[#]} Kb8 (28... Kd7 $1 $17 {aiming for ...Rb8.} 29. Rxb7+ Kd6) 29. Rca2 $1 $11 {[%csl Ga2][%cal Ra7a8]} Kc8 (29... Be3+ $11 30. Kf1 Kc8 31. Rc2+ Kd7 32. Rxb7+ Kd6) 30. Rc2+ $1 $17 {[#]} Kb8 {Precision: White = 67%, Black = 30%.} ({Black should try} 30... Kd7 $1 $17 31. Rxb7+ Ke6 32. Re2+ Kd5) 1/2-1/2

[Event "22nd Hogeschool Zeeland 2018"]
[Site "Vlissingen"]
[Date "2018.08.10"]
[Round "8"]
[White "Romanishin, Oleg M"]
[Black "Ravi, Teja S"]
[Result "1-0"]
[WhiteElo "2441"]
[BlackElo "2374"]
[Annotator "RC"]
[PlyCount "85"]
[EventDate "2018.08.04"]
[EventType "swiss"]
[EventCountry "NED"]
[SourceTitle "playchess.com"]
[Source "ChessBase"]
[SourceQuality "1"]
[TimeControl "40/5400+30:1800+30"]

1. d4 {[%emt 0:00:25]} d5 {[%emt 0:00:00]} 2. Nf3 {[%emt 0:00:06]} Nf6 {[%emt 0:00:00]} 3. c4 {[%emt 0:00:04]} dxc4 {[%emt 0:01:47]} 4. e3 {[%emt 0:00:39]} Bg4 {[%emt 0:00:07]} 5. Bxc4 {[%emt 0:00:11]} e6 {[%emt 0:00:03]} 6. Nc3 {[%emt 0:00:24]} a6 {[%emt 0:00:41]} 7. h3 {[%emt 0:01:29]} Bh5 {[%emt 0:00:18]} 8. g4 {[%emt 0:02:22]} Bg6 {[%emt 0:00:06]} 9. Ne5 {[%emt 0:00:05]} Nfd7 {[%emt 0:07:20]} 10. Nxg6 {[%emt 0:03:22]} hxg6 {[%emt 0:00:19]} 11. Bf1 {[%emt 0:02:23]} Nc6 {[%emt 0:07:36]} 12. Bg2 {[%emt 0:00:28]} Nb6 {[%emt 0:00:08]} 13. O-O {[%emt 0:08:57]} Bd6 {[%emt 0:04:12]} 14. Bd2 {[%emt 0:16:02]} e5 {[%emt 0:04:11]} 15. dxe5 {[%emt 0:01:18]} Bxe5 {[%emt 0:00:42]} 16. Qe2 {[%emt 0:05:01]} Qe7 {[%emt 0:08:00]} 17. f4 {[%emt 0:11:22]} Bd6 {[%emt 0:02:19]} 18. Ne4 {[%emt 0:01:48]} O-O-O {[%emt 0:03:21]} 19. Rac1 {[%emt 0:01:02]} f5 {[%emt 0:03:01]} 20. gxf5 {[%emt 0:03:44]} gxf5 {[%emt 0:00:28]} 21. Ng3 {[%emt 0:00:19]} g6 {[%emt 0:13:56]} 22. Rxc6 {[%emt 0:03:10]} bxc6 {[%emt 0:02:20]} 23. Bxc6 {[%emt 0:09:30]} Rdf8 {[%emt 0:00:24]} 24. Qxa6+ {[%emt 0:02:04]} Kd8 {[%emt 0:00:02]} 25. Bg2 {[%emt 0:00:17]} g5 {[%emt 0:01:45]} 26. Ne2 {[%emt 0:03:49]} Bc5 {[%emt 0:03:18]} 27. Rd1 {[%emt 0:05:32]} Qd6 {[%emt 0:03:53]} 28. Nc3 {[%emt 0:00:10]} Qxf4 {[%emt 0:03:00]} 29. b4 {[%emt 0:02:00]} Qxb4 {[%emt 0:07:40]} 30. Ne4 {[%emt 0:01:11]} Qa4 {[%emt 0:00:08]} 31. Qxa4 {[%emt 0:00:05]} Nxa4 {[%emt 0:00:03]} 32. Bb4+ {[%emt 0:02:39]} Bd6 {[%emt 0:07:16]} 33. Nxd6 {[%emt 0:00:15]} cxd6 {[%emt 0:00:06]} 34. Rxd6+ {[%emt 0:00:43]} Kc7 {[%emt 0:00:46]} 35. Ra6 {[%emt 0:04:58]} Re8 {[%emt 0:04:38]} 36. Bd6+ {[%emt 0:02:55]} Kd7 {[%emt 0:01:57]} 37. Bc6+ {[%emt 0:00:11]} Kxd6 {[%emt 0:00:25]} 38. Bxe8+ {[%emt 0:00:08]} Ke5 {[%emt 0:04:25]} 39. Bxa4 {[%emt 0:00:11]} Rxh3 {[%emt 0:00:06]} 40. Ra5+ {[%emt 0:01:21]} Ke4 {[%emt 0:03:30]} 41. Bc6+ {[%emt 0:31:54]} Kd3 {[%emt 0:30:10]} 42. Rxf5 {[%emt 0:01:57]} Rxe3 {[%emt 0:00:08]} 43. Rf3 {[%emt 0:00:31]} 1-0

[Event "22nd Hogeschool Zeeland 2018"]
[Site "Vlissingen"]
[Date "2018.08.10"]
[Round "8"]
[White "Warmerdam, Max"]
[Black "De Jong, Migchiel"]
[Result "1/2-1/2"]
[WhiteElo "2421"]
[BlackElo "2339"]
[Annotator "TA"]
[PlyCount "84"]
[EventDate "2018.08.04"]
[EventType "swiss"]
[EventCountry "NED"]
[SourceTitle "playchess.com"]
[Source "ChessBase"]
[SourceQuality "1"]

{[%evp 30,84,10,6,23,3,12,0,0,0,0,0,22,4,16,0,0,0,5,0,0,0,0,0,0,0,0,0,0,0,0,0,0,0,0,-15,-16,-17,6,0,0,0,0,0,8,-3,0,-3,-2,-20,0,-1,0,0,0,0,0]} 1. d4 {Yermolinsky,A} e6 2. e4 d5 3. Nd2 c5 4. exd5 Qxd5 5. Ngf3 cxd4 6. Bc4 Qd6 7. O-O Nf6 8. Nb3 Nc6 9. Nbxd4 Nxd4 10. Nxd4 a6 11. Re1 Qc7 12. Bf1 {C07: French Tarrasch: 3...c5, 4 Ngf3 and 4 exd5 Qxd5} Be7 13. Qf3 O-O 14. Bf4 Bd6 15. Bxd6 Qxd6 16. Rad1 {LiveBook: 29 Games. White wants to play Nxe6.} Qb6 17. Qb3 Qc7 {The position is equal.} 18. c4 {[#]} b6 $146 ({Predecessor:} 18... Bd7 19. Nf3 Rfd8 {0-1 (58) Karjakin,S (2781)-Grischuk,A (2761) Paris 2017 CBM 179 [Yermolinsky,A]}) 19. Qg3 Qxg3 20. hxg3 Bd7 21. Nf3 Rfd8 22. Rd6 Rab8 23. Red1 Kf8 $1 24. Ne5 {[%cal Re5d7]} Ke7 $1 25. c5 bxc5 26. Rxa6 Be8 27. Rxd8 Rxd8 28. Ra7+ Kf8 29. a4 Rd1 30. f3 Nd5 {[#] ...Ne3 is the strong threat.} 31. Nc4 Ra1 32. a5 Bb5 33. Kf2 $1 Ra2 34. Nd6 Rxb2+ 35. Kg1 Bxf1 $1 36. Kxf1 $11 {[%mdl 4096] Endgame KRN-KRN} Ne3+ 37. Kg1 Rxg2+ 38. Kh1 Ra2 {[#] And now ...Nf5 would win.} ({But not} 38... Rxg3 $2 39. Rxf7+ Kg8 40. a6 $18) 39. Rxf7+ Kg8 {White must now prevent ...Nf5.} 40. Rc7 {[%cal Rc7c8]} h6 41. Rxc5 Nf1 42. Ne4 Nd2 {Precision: White = 65%, Black = 78%.} 1/2-1/2